000 01392nam0a2200337 4500
001 RU\NLR\bibl\1513614
005 20250616024128.0
010 _a978-5-9611-0028-0
_9500
021 _aRU
_b2010-27988
_91886
035 _a(nilc)RSL-KNO-004631406
035 _a(NLR Aleph) 001505000
090 _a44160
_c44160
100 _a20100421d2010 |||y0rusy50 ca
101 0 _arus
102 _aRU
105 _aa zzzz|||||
200 1 _aЧетыре измерения Души
_e[сборник стихов]
_fЮ. А. Гончан
210 _aХанты-Мансийск
_cИнформ.-издат. центр ЮГУ
_d2010
215 _a180 с.
_cил., портр.
_d21
610 0 _aФилологические науки. Художественная литература -- Российская Федерация -- Русская литература -- с сер. 50-х гг. 20 в. -- Произведения художественной литературы -- Поэзия -- Сборники одного автора
686 _aШ5(2=Р)75-65я44
_2rubbk
686 _aШ6(2=Р)8-5
700 1 _aГончан
_bЮ. А.
_gЮрий Александрович
_4070
801 0 _aRU
_bРГБ
_c20100421
_grcr
801 1 _aRU
_bРГБ
_c20100421
801 2 _aRU
_bNLR
_c20100520
_grcr
942 _cBOOK
980 _aNB
980 _aNBR